Statistiken für KVB Köln: Start- und Endhaltestellen

Klicken Sie hier um das Quiz zu spielen!

Allgemein

  • Dieses Quiz wurde 198 mal gespielt
  • Das Durchschnittsergebnis liegt bei 16 aus 24

Antwortstatistiken

HintAntwort% Korrekt
Linie 18Bonn Hbf
93%
Linie 9Sülz
81%
Linie 1Weiden West S-Bahn
81%
Linie 16Niehl Sebastianstraße
79%
Linie 3Thielenbruch
77%
Linie 18Thielenbruch
77%
Linie 1Bergisch Gladbach-Bensberg
76%
Linie 15Chorweiler
72%
Linie 5Heumarkt
70%
Linie 12Zollstock
70%
Linie 4Leverkusen-Schlebusch
69%
Linie 5Am Butzweilerhof
67%
Linie 16Bonn-Bad Godesberg Stadthalle
67%
Linie 7Zündorf
65%
Linie 9Königsforst
64%
Linie 13Sülzgürtel
64%
Linie 7Frechen-Benzelrath
63%
Linie 12Merkenich
63%
Linie 15Ubierring
61%
Linie 13Holweide Vischeringstraße
58%
Linie 3Görlinger Zentrum
54%
Linie 17Severinstraße
54%
Linie 4Bocklemünd
53%
Linie 17Rodenkirchen
52%

Verteilung der Resultate

Perzentil nach korrekt beantworteten Fragen

Anzahl Personen mit jedem Resultat

Ihre Resultats-Entwicklung

Sie haben dieses Quiz noch nicht gespielt